Statistiche per Pallone d'Oro o Champions League?

Clicka qui per fare il quiz!

Statistiche generali

  • Questo quiz è stato fatto 134 volte
  • Il punteggio medio è 36 su 50

Statistiche sulle risposte

DomandaRisposta% Corretto
Luka ModrićEntrambi
98%
Cristiano RonaldoEntrambi
96%
Franck RibéryUEFA Champions League
96%
Paolo MaldiniUEFA Champions League
95%
Steven GerrardUEFA Champions League
93%
Javier ZanettiUEFA Champions League
93%
NeymarUEFA Champions League
93%
Dani AlvesUEFA Champions League
93%
Ryan GiggsUEFA Champions League
92%
Marco van BastenEntrambi
91%
KakàEntrambi
90%
Karim BenzemaEntrambi
90%
XaviUEFA Champions League
90%
Johan CruijffEntrambi
89%
Andrij ShevchenkoEntrambi
89%
Andrea PirloUEFA Champions League
88%
Andrés IniestaUEFA Champions League
88%
Lionel MessiEntrambi
87%
Robert LewandowskiUEFA Champions League
87%
Roberto BaggioPallone d'Oro
86%
Manuel NeuerUEFA Champions League
85%
Samuel Eto'oUEFA Champions League
84%
Franco BaresiUEFA Champions League
83%
Zinedine ZidaneEntrambi
81%
Clarence SeedorfUEFA Champions League
81%
Oliver KahnUEFA Champions League
81%
RonaldinhoEntrambi
80%
Fabio CannavaroPallone d'Oro
76%
David BeckhamUEFA Champions League
76%
Thierry HenryUEFA Champions League
76%
Alfredo Di StefanoEntrambi
75%
Lev JašinPallone d'Oro
73%
RaulUEFA Champions League
72%
Michael PlatiniEntrambi
71%
Luis FigoEntrambi
69%
Franz BeckenbauerEntrambi
68%
Pavel NedvědPallone d'Oro
67%
RivaldoEntrambi
55%
Karl-Heinz RummeniggeEntrambi
54%
RonaldoPallone d'Oro
53%
Michael OwenPallone d'Oro
50%
Hristo StoičkovEntrambi
39%
Omar SivoriPallone d'Oro
38%
Stanley MatthewsPallone d'Oro
34%
Ferenc PuskásUEFA Champions League
31%
Josef MasopustPallone d'Oro
29%
Lothar MatthäusPallone d'Oro
27%
George WeahPallone d'Oro
27%
Paolo RossiEntrambi
26%
Flórián AlbertPallone d'Oro
19%

Distribuzione punteggi

Percentile per numero di risposta

Percentuale di utenti per punteggio

I tuoi punteggi nel tempo

Non hai fatto questo quiz